000 00689nam a2200289Ia 4500
005 20260324150207.0
008 008 260324s9999 xx 000 0 eng d
020 _a9780429262494
037 _aEBOOK
040 _aCRL
040 _beng
040 _cCRL
041 _2eng
041 _aeng
084 _qCRL
100 _aJoel T. Rosenthal
_91061555
245 4 _aThe Purchase of Paradise
245 0 _bGift Giving and the Aristocracy, 1307-1485
260 _bTaylor and Francis
260 _c1972
365 _a
365 _b150
856 _uhttp://www.taylorfrancis.com/books/9780429262494
942 _cEBOOK
999 _c1834624
_d1834624